00486nam a2200145 a 450000100100000000500170001000800410002702000150006804000250008308200150010810000260012324500940014926000640024330000330030700003509720200930074113.0111025s1975 enka 000 0 eng d a0521208564 aDO-SdBNPbspacBNPHU axxxbR658n1 aRobinson, Ian,d1944-10aThe new grammarians' funeral :ba critique of Noam Chomsky's linguistics /cIan Robinson. aCambridge ;aNew York :bCambridge University Press,c1975. axiv, 189 p. :bil. ;c23 cm.